Your history is not our story : (Record no. 8100)

MARC details
000 -LEADER
fixed length control field 01140cam a22003375i 4500
001 - CONTROL NUMBER
control field 21102117
003 - CONTROL NUMBER IDENTIFIER
control field OSt
005 - DATE AND TIME OF LATEST TRANSACTION
control field 20190918115921.0
008 - FIXED-LENGTH DATA ELEMENTS--GENERAL INFORMATION
fixed length control field 190716s2019 ii 000 0 eng d
010 ## - LIBRARY OF CONGRESS CONTROL NUMBER
LC control number 2019335757
020 ## - INTERNATIONAL STANDARD BOOK NUMBER
International Standard Book Number 9789351483526
Qualifying information (HB)
020 ## - INTERNATIONAL STANDARD BOOK NUMBER
International Standard Book Number 9351483525
020 ## - INTERNATIONAL STANDARD BOOK NUMBER
International Standard Book Number 9789351483533
Qualifying information (PB)
020 ## - INTERNATIONAL STANDARD BOOK NUMBER
International Standard Book Number 9351483533
025 ## - OVERSEAS ACQUISITION NUMBER
Overseas acquisition number I-E-2019335757 ; 13-90 ; 61-90 ; 68-90
035 ## - SYSTEM CONTROL NUMBER
System control number (OCoLC)on1108812674
035 ## - SYSTEM CONTROL NUMBER
System control number (OCoLC)1108812674
037 ## - SOURCE OF ACQUISITION
Source of stock number/acquisition Library of Congress -- New Delhi Overseas Office
040 ## - CATALOGING SOURCE
Original cataloging agency DKAGE
Language of cataloging eng
Description conventions rda
Transcribing agency DKAGE
Modifying agency DLC
042 ## - AUTHENTICATION CODE
Authentication code lccopycat
-- lcode
082 ## - DEWEY DECIMAL CLASSIFICATION NUMBER
Edition number 23
Classification number 305
Item number W217H
245 00 - TITLE STATEMENT
Title Your history is not our story :
Remainder of title re-imaging colonial historiography of tribals and Christianity in North East India /
Statement of responsibility, etc. Walotemjen & Songram Basumatary.
264 #1 - PRODUCTION, PUBLICATION, DISTRIBUTION, MANUFACTURE, AND COPYRIGHT NOTICE
Place of production, publication, distribution, manufacture New Delhi :
Name of producer, publisher, distributor, manufacturer Christian World Imprints,
Date of production, publication, distribution, manufacture, or copyright notice 2019.
300 ## - PHYSICAL DESCRIPTION
Extent xii, 203 pages ;
Dimensions 24 cm
336 ## - CONTENT TYPE
Content type term text
Content type code txt
Source rdacontent
337 ## - MEDIA TYPE
Media type term unmediated
Media type code n
Source rdamedia
338 ## - CARRIER TYPE
Carrier type term volume
Carrier type code nc
Source rdacarrier
906 ## - LOCAL DATA ELEMENT F, LDF (RLIN)
a 7
b par
c copycat
d 3
e ncip
f 20
g y-gencatlg
942 ## - ADDED ENTRY ELEMENTS (KOHA)
Source of classification or shelving scheme Dewey Decimal Classification
Koha item type Books

No items available.


OPAC Designed and Maintained by HMC Library Team.
Copyright © HMC Library,Greater Noida, UP.
For any Suggestions/Query Contact library via Email:libhmc@gmail.com